Documentos curriculares /
Guardado en:
| Formato: | Libro |
|---|---|
| Publicado: |
La Plata :
Consejo General de Cultura y Educación,
1996
|
| Materias: | |
| Etiquetas: |
Agregar Etiqueta
Sin Etiquetas, Sea el primero en etiquetar este registro!
|
| LEADER | 00784nam a22002055a 4500 | ||
|---|---|---|---|
| 001 | CEM.cems009165 | ||
| 005 | 20090904113501.0 | ||
| 008 | 130507s1996##################000#0#####d | ||
| 003 | CEMS | ||
| 082 | 0 | 4 | |a 375 |
| 245 | 0 | 0 | |a Documentos curriculares / |
| 260 | |a La Plata : |b Consejo General de Cultura y Educación, |c 1996 | ||
| 300 | |a 94 p. | ||
| 500 | |a Consideraciones sobre la Transformación Educativa de la Provincia de Buenos Aires | ||
| 653 | |a Educación | ||
| 653 | |a Documentos curriculares | ||
| 653 | |a Buenos aires [provincia]-documentos curriculares | ||
| 653 | |a Buenos aires [provincia]-transformación educativa | ||
| 859 | |a CEMS |b BIB. CEMS - 11 de abril |h 375 |i B862-2 |p 18799.96 |t Ej.1 |v 1996 |3 1996 | ||
| 859 | |a CEMS |b BIB. CEMS - 11 de abril |h 375 |i B862-2 |p 18807.96 |t Ej.2 |v 1996 |3 1996 | ||
